00568nam a2200193 a 450000100100000000500170001000800410002704000250006808200260009310000510011924500540017025000120022426000410023630000210027749000130029865000240031165000260033583000130036100003496220240305135410.0111024s1975 ag 000 f spa d aDO-SdBNPbspacBNPHU aCo863.44bG216o, 19751 aGarcía Márquez, Gabriel,b1928-2014d1928-10aOjos de perro azul /cGabriel García Márquez. a5a. ed. aBuenos Aires :bSudamericana,c1975. a133 p. ;c17 cm.0 aÍndice24aCuentos colombianos24aLiteratura colombiana 0aÍndice